Algunas consideraciones sobre un marco analítico para las migraciones rurales-urbanas /
Gardado en:
| Autor Principal: | |
|---|---|
| Formato: | Texto |
| Etiquetas: |
Engadir etiqueta
Sen Etiquetas, Sexa o primeiro en etiquetar este rexistro!
|
MARC
| LEADER | 00000 a a2200000 04500 | ||
|---|---|---|---|
| 001 | 43559 | ||
| 003 | |||
| 040 | |||
| 100 | |a Macisco, John J. | ||
| 245 | |a Algunas consideraciones sobre un marco analítico para las migraciones rurales-urbanas / |c John J. Macisco | ||
| 773 | |g páginas 87-105 | ||
| 999 | |c 39233 |d 39233 | ||
